Statistics for Countries by Population Growth, 1970–Present

Click here to take the quiz!

General Stats

  • This quiz has been taken 29,755 times
    (1,385 since last reset)
  • The average score is 15 of 20

Answer Stats

% Growth# GrowthCountry% Correct
621 mChina
100%
826 mIndia
99%
127 mUnited States
98%
118 mBrazil
95%
151 mNigeria
94%
151 mIndonesia
93%
153 mPakistan
92%
97.4 mBangladesh
90%
76.1 mMexico
90%
85.5 mEthiopia
80%
3,856%United Arab Emirates
79%
2,450%Qatar
77%
470%Saudi Arabia
76%
551%Oman
76%
673%Bahrain
75%
471%Kuwait
74%
573%Jordan
61%
449%Djibouti
39%
486%Angola
36%
418%Equatorial Guinea
18%

Score Distribution

Percentile by Number Answered

Percent of People with Each Score

Your Score History

You have not taken this quiz since the last reset